000 00629nam a22002057a 4500
999 _c17291
_d17291
003 AR-CdUCM
008 190508b ||||| |||| 00| 0 spa d
040 _aMUNICIPALIDAD PROVINCIAL DEL CUSCO
_cBIBLIOTECA MUNICIPAL DEL CUSCO
082 _a803.08 /
_bG57
100 _aGogol, Nicolas
_937207
245 _aTaras Bulba /
260 _aMéxico, D.F. :
_bNacional,
_c1972.
300 _a187 páginas ;
_bIlustraciones,
_c18 cm.
505 _aContenido: Novela
650 _aNovelas rusas
_92132
650 _aSiglo XIX
_9971
700 _aPérez Mauras, J. (traductor)
_937208
942 _2ddc
_cLIBROS
945 _aacv
_d2019-05-08